| 000 | 00000nam 2200000za 4500 |
| 001 | 9.842487 |
| 003 | CaOODSP |
| 005 | 20250218095815 |
| 007 | cr ||||||||||| |
| 008 | 170911s2004 onca |o f|0| 0 iku d |
| 040 | |aCaOODSP|beng |
| 043 | |an-cn--- |
| 086 | 1 |aFA3-127/2004Iku2-PDF|zFA3-127/2004S-PDF |
| 110 | 1 |aCanada. |bOffice of the Auditor General. |
| 245 | 10|a[Looking back and moving forward |h[electronic resource] : |bAuditor General of Canada's first report to the Second Legislative Assembly of Nunavut 2004]. |
| 250 | |a[Inuktitut edition]. |
| 260 | |a[Ottawa] : |bAuditor General of Canada, |c2004. |
| 300 | |a70 p. : |bill. |
| 500 | |aEnglish title supplied by the publisher. |
| 500 | |aIssued also in English under title: Looking back and moving forward: Auditor General of Canada's first report to the Second Legislative Assembly of Nunavut 2004. |
| 546 | |aText in Inuktitut. |
| 692 | 07|2gccst|aAudit |
| 692 | 07|2gccst|aLegislative assembly |
| 775 | 08|tLooking back and moving forward |w(CaOODSP)9.842479 |
| 792 | |t[Rétrospective et perspectives |efre|w(CaOODSP)9.842489 |
| 856 | 40|qPDF|s640 KB|uhttps://publications.gc.ca/collections/collection_2017/bvg-oag/FA3-127-2004-iku.pdf |